Normal view MARC view

Entry Personal Name

Number of records used in: 1

001 - CONTROL NUMBER

  • control field: 256506

003 - CONTROL NUMBER IDENTIFIER

  • control field: OSt

005 - DATE AND TIME OF LATEST TRANSACTION

  • control field: 20260224115056.0

008 - FIXED-LENGTH DATA ELEMENTS

  • fixed length control field: 260224|| aca||aabn | a|a d

040 ## - CATALOGING SOURCE

  • Original cataloging agency: OSt
  • Transcribing agency: OSt

100 ## - HEADING--PERSONAL NAME

  • Personal name: LAL (Bhagvandeen)
  • Dates associated with a name: लाल (भगवानदीन)

670 ## - SOURCE DATA FOUND

  • Source citation: Work cat.: (OSt)148028: LAL (Bhagvandeen) लाल (भगवानदीन) , Keshav kaumudi I, 1992